Dew on Petals : (Record no. 141796)

MARC details
000 -LEADER
fixed length control field 00504nam a22001697a 4500
005 - DATE AND TIME OF LATEST TRANSACTION
control field 20200114110407.0
010 ## - LCCN (DPL NO)
LC control number ENG-118768
020 ## - INTERNATIONAL STANDARD BOOK NUMBER
International Standard Book Number 9788125035336
Terms of availability 80.00
035 ## - SYSTEM CONTROL NUMBER
System control number EN-102300
037 ## - SOURCE OF ACQUISITION
Source of stock number/acquisition DBAD/PUB
082 ## - DEWEY DECIMAL CLASSIFICATION NUMBER
Classification number 880.8
245 ## - TITLE STATEMENT
Title Dew on Petals :
Statement of responsibility, etc by Board of Editors
Remainder of title an anthology of english poetry /
260 ## - PUBLICATION, DISTRIBUTION, ETC. (IMPRINT)
Place of publication, distribution, etc Hyderabad
Name of publisher, distributor, etc Orient Longman
Date of publication, distribution, etc 2008
270 ## - ADDRESS
Address 3-6-752 Himayatnagar
City Hyderabad
Postal code 500029
300 ## - PHYSICAL DESCRIPTION
Extent 127p.
Dimensions 21cm(pbk)
942 ## - ADDED ENTRY ELEMENTS (KOHA)
Source of classification or shelving scheme Dewey Decimal Classification
Item type English Books
Classification part 880.8
Call number suffix DEW
Holdings
Withdrawn status Lost status Not for loan Collection code Home library Current library Date acquired Source of acquisition Cost, normal purchase price Full call number Barcode Copy number Cost, replacement price Koha item type
      Non-fiction Patel Nagar Patel Nagar 22/06/2017 DBAD/PUB 80.00 880.8 DEW EN-102300 1 80.00 English Books

© Delhi Public Library
Hit Counter
free hit counter